| 000 | 00433nam a2200193Ia 4500 | ||
|---|---|---|---|
| 005 | 20240823041931.0 | ||
| 008 | 240823s9999||||xx |||||||||||||| ||und|| | ||
| 041 | _aENGLISH | ||
| 082 | _A540 | ||
| 100 | _aJain P C | ||
| 245 | 0 | _aEngineering Chemistry | |
| 250 | _a8th | ||
| 260 |
_c1989 _bDhanpat Rai |
||
| 500 | _aTRANSFERED | ||
| 650 |
_aChemistry _bChemistry |
||
| 700 | _a Monika Jain | ||
| 942 | _cBK | ||
| 999 |
_c206682 _d206682 |
||